Africains du PSG - Statistiques

Statistiques générales
  • Ce quiz a été pris 667 fois
    631 depuis la dernière actualisation
  • Le résultat moyen est 7 sur 48
Statistiques - réponses
Hint Réponse % Correct
Attaquant (Libéria) 1992 - 1995 George Weah
80%
Milieu (Sénégal) 2019 - encore au club Idrissa Gueye
68%
Défenseur (Côte d'Ivoire) 2014 - 2017 Serge Aurier
57%
Attaquant (Cameroun) 2018 - 2020 Eric-Maxim Choupo-Moting
55%
Milieu (Nigeria) 1998 - 2002 Jay-Jay Okocha
52%
Milieu (Algérie) 1974 - 1984 Mustapha Dahleb
33%
Défenseur (Mali) 2013 - 2014 Kalifa Traoré
23%
Défenseur (Mali) 2006 - 2011 Sammy Traoré
23%
Défenseur (Maroc) 2000 - 2004 Talal El Karkouri
23%
Milieu (Cameroun) 2003 - 2006 Modeste M'Bami
22%
Défenseur (Côte d'Ivoire) 2010 - 2013 Siaka Tiéné
22%
Défenseur (Sénégal) 1998 - 2001 Aliou Cissé
20%
Attaquant (Côte d'Ivoire) 2006 - 2008 Amara Diané
20%
Milieu (Mali) 2011 - 2013 Mohamed Sissoko
20%
Milieu (Bénin) 2008 - 2011 Stéphane Sessègnon
20%
Attaquant (Côte d'Ivoire) 2005 - 2007 Bonaventure Kalou
16%
Milieu (Tunisie) 2000 - 2005 Selim Benachour
16%
Milieu (Algérie) 1999 - 2001 Ali Benarbia
14%
Attaquant (Nigéria) 2001 - 2005 Bartholomew Ogbeche
14%
Milieu (Algérie) 1992 - 1996 Djamel Belmadi
14%
Défenseur (Nigeria) 1999 - 2001 Godwin Okpara
10%
Attaquant (Tchad) 1980 - 1985 Nabatingue Toko
10%
Attaquant (Guinée) 2000 - 2003 Kaba Diawara
9%
Attaquant (Cameroun) 1994 - 1997 Patrick Mboma
9%
Attaquant (République du Congo) 1973 - 1979 François M'Pelé
8%
Milieu (RD Congo) 2006 - 2009 Youssouf Mulumbu
7%
Milieu (Cameroun) 2006 - 2010 Albert Baning
5%
Milieu (Ghana) 1990 - 2000 Alex Nyarko
5%
Attaquant (Liberia) 1998 - 1998 James Debbah
5%
Attaquant (Sénégal) 1979 - 1983 Sarr Boubacar
5%
Défenseur (Sénégal) 2005 - 2007 Boukary Dramé
4%
Défenseur (Cameroun) 2004 - 2007 Jean-Hugues Ateba
4%
Défenseur (Sénégal) 1994 - 1996 Oumar Dieng
4%
Attaquant (Sénégal) 1986 - 1987 Jules Bocandé
3%
Milieu (Sénégal) 1985 - 1992 Oumar Sène
3%
Attaquant (Sénégal) 1989 - 1993 Alboury Lah
2%
Attaquant (RD Congo) 2002 - 2004 Chiguy Lucau
2%
Attaquant (Cameroun) 1975 - 1978 Jean-Pierre Tokoto
2%
Attaquant (Tunisie) 1971 - 1973 Kamel Ben Mustapha
2%
Attaquant (Togo) 1972 - 1975 Othniel Dossevi
2%
Attaquant (Togo) 1975 - 1976 Pierre-Antoine Dossevi
2%
Attaquant (Algérie) 1983 - 1984 Salah Assad
2%
Milieu (Algérie) 2010 - 2011 Florian Makhedjouf
1%
Milieu (Tunisie) 2004 - 2006 Hocine Ragued
1%
Milieu (Algérie) 1986 - 1992 Lyazid Sandjak
1%
Attaquant (Algérie) 1976 - 1977 Mohamed Ali Messaoud
1%
Attaquant (Maroc) 2010 - 2011 Yacine Qasmi
1%
Défenseur (Côte d'Ivoire) 2004 - 2006 Souleymane Bamba
0%
Aucun quiz correspondant
Distribution des résultats
% des personnes avec chaque résultat
Percentile par nombre de réponses
Votre historique - résultats
Vous n’avez pas pris ce quiz depuis la dernière actualisation